000 00290pab a2200109 454500
008 180718b xxu||||| |||| 00| 0 eng d
100 _aVenkataratnam, C.S.
245 _aRetraining for restructuring
650 _aTraining
773 _aIndian Journal of Training and Development
909 _a22429
999 _c22429
_d22429